| 000 | 00931nas a2200301 4500 | ||
|---|---|---|---|
| 001 | BR0707918 | ||
| 003 | BR-BrBNA | ||
| 005 | 20231205111408.0 | ||
| 007 | ta | ||
| 008 | 230509b bl.|||p| |||| 00| 00por d | ||
| 040 |
_aBR-BrBNA _bpor _cBiblioteca Nacional de Agricultura |
||
| 041 | _a(Pt) | ||
| 072 | _aF03 | ||
| 100 | 1 | _aWagner Júnior, A. | |
| 100 | 1 | _aPimentel, L.D. | |
| 100 | 1 | _aNegreiros, J.R. da S. | |
| 100 | 1 | _aNeres, C.R.L. | |
| 100 | 1 | _aAlexandre, R.S. | |
| 100 | 1 | _aDiniz, E.R. | |
| 100 | 1 | _aBruckner, C.H. | |
| 245 | 1 | _aInfluência do tempo de embebição em água sobre a dormência de sementes de pinha (Annona Squamosa L.) | |
| 650 | _aGERMINAÇÃO | ||
| 650 | _aPROPAGAÇÃO VEGETATIVA | ||
| 650 | _aFRUTA DE CONDE | ||
| 773 | 0 |
_tRevista Ceres (Brazil) _xISSN 0034-737X _g(May- Jun 2006), v. 53(307) p. 317-321 _wBR0707918 |
|
| 909 |
_a202311 _bLúcia _c55 _dLúcia Elande |
||
| 942 |
_2AGRIS _n0 _cANA |
||
| 999 |
_c192466 _d192466 |
||